[Event "Ch Italy (play-off)"]
[Site "Montecatini Terme (Italy)"]
[Round "6"]
[White "Belotti Bruno (ITA)"]
[Black "Collutiis Duilio (ITA)"]
[Result "0-1"]
[WhiteElo "2433"]
[BlackElo "2299"]

1.c4 g6 2.g3 Bg7 3.Bg2 e5 4.Nc3 d6 5.d3 Nc6 6.e3 h5 7.Nge2 h4 8.d4 Bd7 9.d5
Nce7 10.e4 f5 11.Be3 Nf6 12.f3 hxg3 13.hxg3 Rxh1+ 14.Bxh1 Nh5 15.Qd2 Ng8
16.O-O-O Qe7 17.Nb5 Bxb5 18.cxb5 fxe4 19.fxe4 b6 20.Bf3 Nhf6 21.Nc3 O-O-O
22.a4 Nd7 23.Na2 Nc5 24.Qc2 Rf8 25.Bg4+ Kb8 26.Nb4 Qf7 27.Nc6+ Kb7 28.b4 Bh6
29.Bxh6 Nxh6 30.bxc5 Nxg4 31.Qc3 dxc5 32.a5 Qf2 33.a6+ Ka8 34.Nxe5 Qf6 35.d6
cxd6 {#R} 0-1

[Event "It (open)"]
[Site "Montreal (Canada)"]
[Round "5"]
[White "Hua Lefong (CAN)"]
[Black "Roy Guy (CAN)"]
[Result "1-0"]
[WhiteElo "2267"]
[BlackElo "2064"]

1.c4 e5 2.Nc3 Nc6 3.g3 g6 4.Bg2 Bg7 5.d3 d6 6.e3 Nf6 7.Nge2 O-O 8.O-O Bg4 9.h3
Be6 10.Nd5 Rb8 11.f4 Ne7 12.e4 Nfxd5 13.cxd5 Bd7 14.fxe5 dxe5 15.Qb3 c6 16.Bg5
cxd5 17.exd5 h6 18.Be3 b6 19.g4 Bc8 20.Rad1 Bb7 21.Nc3 Qd7 22.d4 e4 23.d6 Nc8
24.Nxe4 Re8 25.Nf6+ Bxf6 26.Rxf6 Kg7 27.d5 Nxd6 28.Bd4 Kg8 29.Qd3 Kh7 30.Rdf1
Re7 31.Qg3 Rd8 32.Qf4 Ba6 33.Rf2 Bd3 34.Be5 g5 35.Rxh6+ {#r} 1-0

[Event "It"]
[Site "Mulhouse (France)"]
[Round "8"]
[White "Kalinin Alexander (RUS)"]
[Black "Libiszewski Fabien (FRA)"]
[Result "1-0"]
[WhiteElo "2466"]
[BlackElo "2332"]

1.c4 g6 2.Nc3 Bg7 3.g3 e5 4.Bg2 d6 5.d3 Nc6 6.e3 Be6 7.Rb1 a5 8.Nge2 Qd7 9.Nd5
Nge7 10.O-O Nd8 11.Nxe7 Kxe7 12.e4 Nc6 13.Bg5+ f6 14.Be3 h5 15.h4 Bh6 16.f4
Raf8 17.Qd2 Kd8 18.b3 Bg4 19.a3 Qg7 20.b4 axb4 21.axb4 f5 22.b5 Ne7 23.c5 Kd7
24.b6 exf4 25.Nxf4 c6 26.cxd6 Nc8 27.d4 Nxd6 28.d5 fxe4 29.dxc6+ bxc6 30.Bxe4
g5 31.Bxc6+ {#r} 1-0

[Event "Ch Austria"]
[Site "Oberpullendorf (Austria)"]
[Round "6"]
[White "Wolfram Bernd (AUT)"]
[Black "Posch Werner (AUT)"]
[Result "0-1"]
[WhiteElo "2176"]
[BlackElo "2290"]

1.c4 e5 2.Nc3 Nc6 3.g3 g6 4.Bg2 Bg7 5.d3 d6 6.e3 f5 7.Rb1 Nf6 8.Nge2 O-O 9.b4
a6 10.a4 Ne7 11.Qb3 c6 12.b5 axb5 13.axb5 Be6 14.Ba3 Rf7 15.O-O g5 16.bxc6
bxc6 17.f4 Ng4 18.Bc1 gxf4 19.exf4 e4 20.dxe4 Qa5 21.h3 Qc5+ 22.Kh1 Bxc4
23.Qb4 Bxc3 24.Qxc5 dxc5 25.Nxc3 Bxf1 26.Bxf1 Nf2+ 27.Kg2 Nxe4 28.Nxe4 fxe4
29.Bc4 Nd5 30.g4 Ra4 31.Bb3 Rd4 32.f5 Ra7 33.Be3 Rd3 34.Bxc5 Ra5 35.Bb4 Rxb3
36.Rxb3 Rb5 37.Kf2 c5 38.Ra3 cxb4 39.Ra8+ Kf7 40.f6 Rb7 {#R} 0-1

[Event "Ch Poland (w)"]
[Site "Ostrow (Poland)"]
[Round "2"]
[White "Pokojska Daria (POL)"]
[Black "Kadziolka Beata (POL)"]
[Result "0-1"]
[WhiteElo "2084"]
[BlackElo "2223"]

1.c4 g6 2.Nc3 Bg7 3.g3 e5 4.Bg2 d6 5.d3 Nc6 6.e4 Nge7 7.Nge2 Be6 8.O-O Qd7
9.Nd5 O-O 10.Rb1 f5 11.b4 Rae8 12.Be3 Nd4 13.Nxe7+ Rxe7 14.Bxd4 exd4 15.Nf4 c6
16.Nxe6 Qxe6 17.exf5 Qxf5 18.b5 c5 19.Be4 Rxe4 20.dxe4 Qxe4 21.Rb3 d5 22.cxd5
Qxd5 23.Qd2 c4 24.Ra3 d3 25.Qb4 Qd4 26.Ra4 Rc8 27.Qe7 Qc5 28.Qe6+ Kh8 29.Rxa7
c3 30.Rxb7 c2 31.Qd7 Qc3 32.Rc1 Rg8 33.Rc7 d2 {#R} 0-1

[Event "It (cat.16)"]
[Site "Sarajevo (Bosnia & Herzegovina)"]
[Round "5"]
[White "Dizdarevic Emir (CRO)"]
[Black "Kozul Zdenko (CRO)"]
[Result "0-1"]
[WhiteElo "2502"]
[BlackElo "2587"]

1.c4 g6 2.Nc3 Bg7 3.g3 e5 4.Bg2 d6 5.d3 Nc6 6.Rb1 a5 7.a3 f5 8.e3 Nf6 9.Nge2
O-O { ?/= } 10.b3 { N } ( 10.b4 axb4 11.axb4 Ne7 12.Qb3 ( 12.f4 Kh8 13.O-O Rb8
14.b5 Be6 15.Ra1 b6 16.Ra4 Qd7 17.d4 exf4 18.Nxf4 Bf7 19.Qd3 g5 20.Nfd5 Nexd5
21.cxd5 Bg6 22.Qc4 Rbe8 23.Ra7 Rf7 24.Bd2 Qe7 25.Na4 Ng4 26.Qc6 f4 27.Rxc7
Qxc7 28.Qxe8+ Rf8 29.Qc6 Qe7 30.Nxb6 fxe3 31.Bc3 e2 32.Rxf8+ Bxf8 { 0-1,
Korchnoi Viktor (2639) - Sakaev Konstantin (2639), St. Petersburg 2001 It
(active) } ) 12...c6 13.O-O Be6 14.b5 Bf7 15.Rd1 Qc7 16.Rd2 Ra5 17.Ra2 Rfa8
18.Rxa5 Qxa5 19.Bd2 Qa3 20.Qc2 d5 21.bxc6 bxc6 22.cxd5 cxd5 23.Nb5 Qa2 24.Qd1
Qa4 25.Qc1 Rc8 26.Nec3 Qa6 27.Ra1 Qe6 28.Ra7 Nc6 29.Ra6 Qd7 30.Qb1 Bf8 31.Qa1
Be7 32.Na7 Nxa7 33.Rxa7 Rc7 34.Rxc7 Qxc7 35.Qa8+ Qd8 36.Qa7 e4 37.d4 Qd7
38.Qxd7 Nxd7 { 1/2-1/2, Ljubojevic Ljubomir (YUG) - Seirawan Yasser (USA),
Novi Sad (Yugoslavia) 1990 } ) ( 10.O-O Be6 11.Nd5 Qd7 12.f4 e4 13.Nec3 exd3
14.Qxd3 Rfe8 15.Nxf6+ Bxf6 16.Bd2 Bg7 17.Nd5 Bxd5 18.Bxd5+ Kh8 19.Rfe1 Re7 {
...1-0, Ghaem Maghami Ehsan(2504) - Moradiabadi Elshan(2303), Teheran 2001 Ch
Asia (qual) (cat.5) } ) 10...Ne7 11.e4 c6 12.O-O f4 { !? } 13.gxf4 Nh5 14.fxe5
dxe5 15.Na4 Nf4 16.Nxf4 exf4 17.d4 Bxd4 18.Bb2 Bxb2 19.Rxb2 Qc7 20.Rd2 Rb8
21.Re1 b5 22.Nc5 bxc4 23.Bf1 c3 24.Bc4+ Kg7 25.Rd6 Kh6 26.Qd4 c2 27.Qe5 Bh3 {
DA } 28.Rc1 ( 28.Nd7 Bxd7 29.Qxe7 Qd8 30.Qxd7 Qh4 { ? } ) ( 28.Rxg6+ Nxg6
29.Qxc7 Rfc8 { !? } ) 28...Rbd8 29.Qc3 f3 30.Qd2+ Kh5 31.e5 Nf5 { ? } (
31...Nd5 { ! } 32.Ne4 ( 32.Bxd5 cxd5 33.Qxd5 Qxd6 34.exd6+ Rf5 { 2 } )
32...Nf4 33.Rxc2 Bg2 34.h4 Rxd6 35.Qxd6 Qxd6 36.exd6 Kxh4 { ? } ) 32.Ne4 (
32.Ne6 { ! } 32...Qe7 33.Rxd8 Qh4 34.Qf4 { !+?? } ) 32...Qe7 33.Ng3+ { ?? } (
33.Be6 { !+?? } ) 33...Nxg3 34.hxg3 Bf5 35.Qe3 { ? } {#R} 0-1

[Event "It (open)"]
[Site "Sevilla (Spain)"]
[Round "2"]
[White "Blancafort Batet Joan (ESP)"]
[Black "Paragua Mark (PHI)"]
[Result "0-1"]
[WhiteElo "1993"]
[BlackElo "2504"]

1.c4 g6 2.Nc3 Bg7 3.g3 e5 4.Bg2 Nc6 5.d3 d6 6.Nf3 Nf6 7.O-O O-O 8.Bg5 h6 9.Bd2
Be6 10.Rc1 Qd7 11.Re1 Nh5 12.Nd5 f5 13.Bc3 Rae8 14.b4 Nd8 15.e4 f4 16.Bd2 c6
17.Nc3 Bg4 18.Rf1 Nf7 19.Ne2 Bxf3 20.Bxf3 Ng5 21.Bxh5 f3 22.Bxg5 gxh5 23.Kh1
Qh3 24.Rg1 fxe2 25.Qxe2 hxg5 {#R} 0-1

[Event "It (open) \"]
[Site "St. Petersburg (Russia)"]
[Round "2"]
[White "Kashljak Anatoli (RUS)"]
[Black "Iljin Artem (RUS)"]
[Result "0-1"]
[WhiteElo "2332"]
[BlackElo "2462"]

1.c4 e5 2.g3 Nc6 3.Bg2 g6 4.Nc3 Bg7 5.d3 d6 6.e4 h5 7.Nge2 h4 8.O-O hxg3
9.hxg3 Be6 10.Nd5 Qd7 11.Be3 Bh3 12.f3 O-O-O 13.Rf2 Bh6 14.Qd2 Bxg2 15.Rxg2
Qh3 16.Kf2 f5 17.Rag1 fxe4 18.fxe4 Rf8+ 19.Ke1 Rf3 20.Rf2 Bxe3 21.Nxe3 Rxf2
22.Kxf2 Nh6 23.Ke1 Ng4 24.Nxg4 Qxg4 25.Rf1 b6 26.a3 Rh2 27.Qe3 Nd4 28.Nxd4
exd4 29.Qf3 Qg5 30.Qf4 Qa5+ {#R} 0-1

[Event "It (cat.8)"]
[Site "Stockholm (Sweden)"]
[Round "9"]
[White "Gritsak Orest (UKR)"]
[Black "Poley Vladimir (BLR)"]
[Result "1-0"]
[WhiteElo "2537"]
[BlackElo "2351"]

1.c4 g6 2.g3 Bg7 3.Bg2 Nc6 4.Nc3 d6 5.d3 e5 6.e3 Be6 7.Rb1 Qd7 8.b4 Nd8 9.Qa4
c6 10.b5 f5 11.bxc6 bxc6 12.Nge2 Nf6 13.Bd2 O-O 14.O-O Rc8 15.Qa6 f4 16.exf4
Bh3 17.Ne4 Bxg2 18.Kxg2 Ne6 19.Rb7 Rc7 20.Rxc7 Qxc7 21.Nxf6+ Bxf6 22.fxe5 dxe5
23.Be3 Qd7 24.Qa3 Bg5 25.f4 exf4 26.gxf4 Nxf4+ 27.Nxf4 Qg4+ 28.Kh1 Rf7 29.Qd6
Bh6 30.Qxc6 g5 31.Qxh6 Qf5 32.Rg1 {#r} 1-0

[Event "It (open)"]
[Site "Trier (Germany)"]
[Round "3"]
[White "Grecescu Gabriel-Andrei (ROM)"]
[Black "Kluger Carsten (GER)"]
[Result "1-0"]
[WhiteElo "2204"]
[BlackElo "2136"]

1.c4 g6 2.g3 Bg7 3.Bg2 Nc6 4.Nc3 e5 5.d3 d6 6.Rb1 a5 7.e3 Nge7 8.a3 f5 9.Nge2
Be6 10.Nd5 O-O 11.O-O Bf7 12.Nec3 Nxd5 13.Nxd5 Re8 14.Qc2 Nb8 15.f4 c6 16.Nc3
exf4 17.gxf4 Nd7 18.Bd2 Nf6 19.Rbe1 d5 20.cxd5 Nxd5 21.e4 Bd4+ 22.Kh1 Nf6
23.Be3 c5 24.h3 Rc8 25.e5 Nd5 26.Nxd5 Bxd5 27.a4 Rc6 28.Bxd5+ Qxd5+ 29.Kh2 Rb6
30.Bxd4 Qxd4 31.b3 Rb4 32.e6 {#r} 1-0

[Event "It (open)"]
[Site "Villa Ballester (Argentina)"]
[Date "2002.01.04"]
[Round "2"]
[White "Carraro Diego (ARG)"]
[Black "Benedetto Abel (ARG)"]
[Result "1-0"]
[WhiteElo "2127"]
[BlackElo "2160"]

1.g3 g6 2.Bg2 Bg7 3.c4 e5 4.Nc3 Nc6 5.d3 d6 6.e4 Be6 7.Nge2 Qd7 8.O-O h5 9.h4
Nh6 10.f3 f5 11.Nd5 Nf7 12.Be3 O-O-O 13.Qa4 Kb8 14.b4 f4 15.gxf4 exf4 16.Nexf4
Bxa1 17.b5 Nd4 18.Rxa1 c5 19.bxc6 Nxc6 20.Rb1 Rc8 21.Nxg6 Rhd8 22.Nge7 Bxd5
23.Nxc6+ Rxc6 24.Qxa7+ Kc8 25.Qa8+ Kc7 26.Qxb7# 1-0

[Event "It (open)"]
[Site "Gyongyos (Hungary)"]
[Date "2002.07.24"]
[Round "2"]
[White "Dolanyi Jozsef (HUN)"]
[Black "Merenkov Mikhail (UKR)"]
[Result "0-1"]
[WhiteElo "2038"]
[BlackElo "2232"]

1.c4 e5 2.Nc3 Nc6 3.g3 g6 4.Bg2 Bg7 5.d3 d6 6.a3 Be6 7.Rb1 Qd7 8.Nd5 Nd8 9.h4
c6 10.Nc3 h6 11.Bd2 Ne7 12.b4 d5 13.c5 O-O 14.Qc1 Kh7 15.e4 f5 16.Nh3 dxe4
17.dxe4 Bc4 18.h5 g5 19.Bxg5 hxg5 20.Nxg5+ Kh8 21.exf5 Qxf5 22.Nce4 Bh6
23.Qxc4 Bxg5 24.O-O Bh6 25.Rbd1 Nd5 26.Nd6 Qxh5 27.Bxd5 cxd5 28.Qxd5 Nf7
29.Rd4 Ng5 30.g4 Nf3+ 31.Qxf3 Rxf3 32.gxh5 exd4 {#R} 0-1

[Event "It (open)"]
[Site "Gyongyos (Hungary)"]
[Date "2002.07.29"]
[Round "6"]
[White "Samuel Sandor (HUN)"]
[Black "Kiss Balazs (HUN)"]
[Result "1-0"]
[WhiteElo "2106"]
[BlackElo "2010"]

1.c4 e5 2.Nc3 Nc6 3.g3 g6 4.Bg2 Bg7 5.d3 d6 6.e3 f5 7.Nge2 Nf6 8.O-O O-O 9.b3
g5 10.f4 gxf4 11.exf4 e4 12.dxe4 fxe4 13.a3 Kh8 14.Rb1 Bf5 15.Be3 Ng4 16.Qd2
Re8 17.Kh1 h5 18.h3 Nxe3 19.Qxe3 Qf6 20.Nd5 Qf7 21.Rfd1 Ne7 22.Nxc7 {#r} 1-0

[Event "Ch Portugal (team)"]
[Site "Portugal"]
[Date "2002.08.11"]
[Round "1"]
[White "Andrade Leonardo (POR)"]
[Black "Caselas Cabanas Jacobo (ESP)"]
[Result "0-1"]
[WhiteElo "2248"]
[BlackElo "2380"]

1.c4 e5 2.g3 Nc6 3.Bg2 g6 4.Nc3 Bg7 5.d3 d6 6.Rb1 a5 7.a3 Nf6 8.b4 axb4 9.axb4
O-O 10.e3 Bg4 11.Nge2 Qd7 12.b5 Nd8 13.h3 Be6 14.Nd5 Ne8 15.f4 Kh8 16.Bb2 f6
17.d4 Rb8 18.Bc3 Bf5 19.Rb2 Ra8 20.dxe5 fxe5 21.fxe5 dxe5 22.Rd2 Nd6 23.c5 Nc4
24.Nb6 Qxb5 25.Nxa8 Nxe3 26.Rxd8 Nxg2+ 27.Kf2 Qxc5+ 28.Bd4 exd4 29.Rxf8+ Qxf8
30.Kxg2 Be4+ 31.Kg1 Bxh1 32.Kxh1 Qxa8 33.Qd3 c5 34.Nf4 b5+ 35.Kh2 c4 36.Nxg6+
hxg6 37.Qxg6 Qa2+ 38.Kh1 Qe2 39.Qg5 Qe4+ 40.Kh2 d3 {#R} 0-1

[Event "It (open)"]
[Site "Bratto (Italy)"]
[Date "2002.08.26"]
[Round "7"]
[White "Lovati Paolo (ITA)"]
[Black "Agnelli Francesco (ITA)"]
[Result "1-0"]
[WhiteElo "2097"]
[BlackElo "2121"]

1.c4 g6 2.Nc3 Bg7 3.g3 e5 4.Bg2 Nc6 5.d3 d6 6.Rb1 a5 7.a3 Nf6 8.Bg5 h6 9.Bxf6
Bxf6 10.Nf3 O-O 11.O-O Nd4 12.e3 Ne6 13.b4 axb4 14.axb4 c6 15.Nd2 Bd7 16.Nb3
Qc7 17.Qd2 Bg7 18.d4 f5 19.d5 Ng5 20.dxc6 bxc6 21.Rfd1 Nf7 22.c5 d5 23.b5 cxb5
24.Nxd5 Qd8 25.Nb6 Ra7 26.Nxd7 {#r} 1-0

[Event "It (open)"]
[Site "Taranto (Italy)"]
[Round "5"]
[White "Miezis Normunds (LAT)"]
[Black "Voiska Margarita (BUL)"]
[Result "1-0"]
[WhiteElo "2483"]
[BlackElo "2343"]

1.c4 e5 2.Nc3 g6 3.g3 Bg7 4.Bg2 d6 5.d3 Nc6 6.e4 Be6 7.Nge2 Qd7 8.h4 h5 9.Nd5
Nd8 10.d4 c5 11.dxe5 dxe5 12.Be3 b6 13.Nec3 Nc6 14.Nb5 Kf8 15.Qa4 Bxd5 16.exd5
Nd4 17.Bxd4 cxd4 18.Qa3+ Ne7 19.d6 Nc6 20.c5 Rc8 21.cxb6 axb6 22.Rc1 e4
23.Bxe4 Bh6 24.Rc2 Kg7 25.O-O Rhe8 26.Bxc6 Rxc6 27.Rxc6 Qxc6 28.Nxd4 Qd5
29.Rd1 Rd8 30.Rd3 Kg8 31.Nf3 Qf5 32.Qb3 Bf8 33.Kg2 Rxd6 34.Rxd6 Bxd6 35.Qxb6
Qd5 36.a4 {#r} 1-0

[Event "Cup Doeberl"]
[Site "Canberra (Australia)"]
[Round "3"]
[White "Wright Ian (AUS)"]
[Black "Caoili Arianne (AUS)"]
[Result "0-1"]
[WhiteElo "2106"]
[BlackElo "2250"]

1.c4 e5 2.Nc3 Nc6 3.g3 g6 4.Bg2 Bg7 5.d3 d6 6.e3 f5 7.Nge2 Nf6 8.O-O O-O 9.Rb1
Be6 10.Nd5 Qd7 11.b4 Nd8 12.b5 Qf7 13.Nxf6+ Bxf6 14.a4 d5 15.cxd5 Bxd5 16.Bxd5
Qxd5 17.Ba3 Rf7 18.Qc2 Ne6 19.Nc3 Qd7 20.Rfd1 Ng5 21.h4 Ne6 22.Qb3 Rd8 23.e4
Nd4 24.Qc4 f4 25.Kg2 Qg4 26.Rh1 Qf3+ 27.Kh3 Qxf2 28.Rbg1 Qf3 29.Nd5 Bxh4
30.Be7 Bxe7 31.Nxe7+ Kf8 32.Qxc7 Ne6 33.Nxg6+ hxg6 34.Qxe5 Rh7+ {#R} 0-1

[Event "Tournament (Elo)"]
[Site "Dos Hermanas (Spain)"]
[Round "6"]
[White "Ortega Garcia Francisco (ESP)"]
[Black "Garcia Francico Javier (ESP)"]
[Result "0-1"]
[WhiteElo "2079"]
[BlackElo "2130"]

1.c4 e5 2.Nc3 Nc6 3.g3 g6 4.Bg2 Bg7 5.d3 d6 6.Nf3 Nge7 7.h4 h6 8.Nd2 Be6 9.Nd5
f5 10.f4 Qd7 11.Qa4 Nc8 12.Nb1 O-O 13.Nbc3 Nb6 14.Qb5 Qf7 15.Qb3 Nd4 16.Qd1 e4
17.e3 Nc6 18.dxe4 Nxc4 19.exf5 gxf5 20.Qd3 Nb6 21.Bd2 Bxc3 22.Nxc3 Bc4 23.Qc2
Nb4 {#R} 0-1

[Event "It (open)"]
[Site "El Sauzal (Spain)"]
[Round "5"]
[White "Todorcevic Miodrag (ESP)"]
[Black "Moskalenko Viktor (UKR)"]
[Result "1-0"]
[WhiteElo "2476"]
[BlackElo "2551"]

{ Moskalenko Viktor (UKR) +0 =1 -1 } 1.g3 { 1 } 1...e5 2.Bg2 Nc6 3.d3 g6 4.c4
Bg7 5.Nc3 d6 6.Nf3 f5 7.O-O Nf6 { = } 8.Bg5 ( 8.Rb1 a5 9.Nd5 O-O 10.Bg5 Be6
11.e3 Rf7 12.Nd2 h6 13.Bxf6 Bxf6 14.Nxf6+ Rxf6 15.Qb3 Rb8 16.a3 Kg7 17.Rfe1
Rf8 18.Qc3 Qf6 19.b4 axb4 20.axb4 g5 21.b5 Ne7 22.Ra1 b6 23.Ra7 Rbc8 24.Rea1
Rf7 25.d4 Ng6 26.Rb7 f4 27.Ne4 Qf5 { ...1-0, Smirin Ilia 2640 - Moutousis
Konstantinos 2425 , Biel 1993 Izt } ) 8...h6 9.Bxf6 Bxf6 { } ( 9...Qxf6 10.Rc1
O-O 11.a3 a5 12.b4 axb4 13.Nd5 Qd8 14.axb4 Ne7 15.Qb3 Nxd5 16.cxd5 Bd7 17.Nd2
Kh7 18.Qc4 Rc8 19.b5 b6 20.Nb1 h5 21.Nc3 Bf6 22.Ra1 h4 23.Ra7 Bg5 24.e3 Kh6
25.Ne2 Rf7 26.Rc1 Be8 27.f4 Bf6 28.e4 hxg3 29.hxg3 { ...0-1, Hernandez Roman
2400 - Ulibin Mikhail 2583 , Mondariz 2000 It (open) } ) 10.Ne1 { N } ( 10.Nd5
Bg7 ( 10...O-O 11.Rb1 g5 12.b4 Bg7 13.b5 Ne7 14.Nd2 f4 15.Nxe7+ Qxe7 16.Qc2
Qe8 17.c5 Qh5 18.cxd6 cxd6 19.Ne4 Bh3 20.Nxd6 Bxg2 21.Kxg2 g4 22.h4 gxh3+ {
1/2-1/2, Marchio Enrico 2320 - Grafl Florian 2230 , Bad Wildungen 1998 Ch
Hessen } ) 11.Nh4 { 1/2-1/2, Pingitzer Harald 2250 - Stanec Nikolaus 2440 ,
Oberwart 1992 It (open) } ) ( 10.Rb1 O-O 11.Nd5 Bg7 12.b4 g5 13.b5 Ne7
14.Nxe7+ Qxe7 15.Nd2 g4 16.a4 h5 17.a5 Rb8 18.Qb3 Kh8 19.b6 axb6 20.axb6 c6
21.Rfc1 h4 22.Rc2 Be6 23.Ra2 f4 24.Rf1 Bh6 25.Qd1 fxg3 26.fxg3 h3 27.Be4 d5
28.cxd5 cxd5 29.Bg6 Be3+ { ...0-1, Kore Akshayaraj - Saravanan V 2412 , Sangli
2000 Ch Commonwealth } ) ( 10.Nd2 O-O 11.Rb1 g5 12.Nd5 Bg7 13.b4 f4 14.e3 Ne7
15.b5 Nf5 16.Qe2 Rb8 17.Ne4 Be6 18.Nec3 Qd7 19.Rbe1 Rbe8 20.Nb4 g4 21.Bxb7 f3
22.Qd2 Qf7 23.Bd5 Qh5 24.Kh1 Rf6 25.Ne4 Rg6 26.Bxe6+ Rexe6 27.Nd5 Qh3 28.Rg1
Rg5 29.Ndf6+ Rxf6 { ...0-1, Albers Corina 1951 - Carls C 2270 , Erfurt 1998 Ch
Germany (juniors) (under 20) (team) } ) 10...O-O 11.Nc2 Bg7 12.Rb1 Ne7 13.b4 {
} ( 13.d4 { !? } 13...Bf6 14.d5 b6 15.b3 { } ) 13...c6 { } ( 13...a6 { !? }
14.a4 c6 15.e4 Be6 { } ) 14.b5 Be6 15.bxc6 bxc6 16.Qd2 { } ( 16.Rb7 { !? }
16...d5 17.cxd5 Nxd5 18.Nxd5 { } ) 16...d5 17.cxd5 cxd5 18.d4 e4 19.Na4 Nc6
20.Nc5 Bf7 21.e3 g5 { } ( 21...Qa5 { !? } 22.Nb4 Rab8 23.a3 Rfc8 { } ) 22.Rfe1
{ } ( 22.f4 { !? } 22...g4 23.Nb4 Nb8 24.Rfc1 { } ) 22...f4 23.Na3 fxe3 { } (
23...Qa5 { !? } 24.Qxa5 Nxa5 25.Bh3 Rfb8 { } ) 24.fxe3 Ne7 { } ( 24...Rb8 { !?
} 25.Rxb8 Nxb8 26.Bh3 Nc6 { } ) 25.Bh3 { } {#r} 1-0

[Event "Ch France (team) (2) 2002/03"]
[Site "France"]
[Round "9"]
[White "Bogdanov Emil (FRA)"]
[Black "Chomet Pascal (FRA)"]
[Result "0-1"]
[WhiteElo "2234"]
[BlackElo "2332"]

1.c4 g6 2.g3 Bg7 3.Bg2 e5 4.Nc3 d6 5.d3 Nc6 6.Rb1 h5 7.h4 Nh6 8.b4 O-O 9.b5
Nd4 10.Nh3 a6 11.a4 axb5 12.axb5 Nhf5 13.Ng5 Kh8 14.e3 Ne6 15.Nxe6 fxe6 16.Ne4
d5 17.Ng5 e4 18.dxe4 Nxg3 19.fxg3 Qd6 20.Rh3 Ra2 21.Bf3 Bc3+ 22.Kf1 e5 23.Kg1
Bxh3 24.Nxh3 Qf6 25.Bg2 dxc4 {#R} 0-1

[Event "Ch Austria (w)"]
[Site "Hartberg (Austria)"]
[Round "7"]
[White "Hapala Michalea (AUT)"]
[Black "Krasser Margit (AUT)"]
[Result "0-1"]
[WhiteElo "1947"]
[BlackElo "2046"]

1.c4 e5 2.g3 Nc6 3.Bg2 g6 4.Nc3 Bg7 5.d3 d6 6.f4 f5 7.Nf3 Nf6 8.fxe5 dxe5
9.Bg5 h6 10.Bxf6 Qxf6 11.Nd5 Qf7 12.Qc2 O-O 13.e3 Be6 14.Nd2 Rad8 15.a3 Qd7
16.Nb3 b6 17.O-O-O Ne7 18.d4 Nxd5 19.cxd5 Bxd5 20.dxe5 Qe6 21.Bxd5 Rxd5 22.Nd4
Qxe5 23.Qb3 Kh7 24.Ne6 Rb5 25.Nxf8+ Bxf8 26.Qf7+ Bg7 27.Rd2 Rxb2 28.Rhd1 Qc3+
{#R} 0-1

[Event "SEA Games (w)"]
[Site "Ho Chi Minh City (Vietnam)"]
[Round "9"]
[White "Nguyen Thi Thanh An (VIE)"]
[Black "Lomibao Sheerie Joy (PHI)"]
[Result "1-0"]
[WhiteElo "2345"]
[BlackElo "2101"]

1.c4 e5 2.Nc3 Nc6 3.g3 g6 4.Bg2 Bg7 5.d3 d6 6.e4 Be6 7.Nge2 Nge7 8.Bg5 Qd7
9.Nd5 Bxd5 10.cxd5 Nd4 11.Nxd4 exd4 12.h4 O-O-O 13.Qc2 Kb8 14.O-O-O Rde8
15.Kb1 h6 16.Bh3 f5 17.Bxe7 Rxe7 18.h5 Qb5 19.hxg6 fxe4 20.dxe4 d3 21.Rxd3
Rxe4 22.Rc1 Rc4 23.Rb3 Rxc2 24.Rxb5 Rxf2 25.Be6 Re8 26.g4 Bf6 27.a3 c6 28.Rxc6
Be5 29.Rc2 Ref8 30.Bf7 Rxc2 31.Kxc2 Kc7 32.Rb3 Bg7 33.Rh3 Rh8 34.Be6 Bf6
35.Rf3 Rf8 36.Rxf6 {#r} 1-0

[Event "Tournament"]
[Site "Kajaani (Finland)"]
[Round "5"]
[White "Parkkinen Jyrki (FIN)"]
[Black "Kauppila Osmo (FIN)"]
[Result "1-0"]
[WhiteElo "2248"]
[BlackElo "2264"]

1.c4 e5 2.g3 g6 3.Bg2 Bg7 4.Nc3 d6 5.d3 Nc6 6.e4 f5 7.Nge2 Nf6 8.O-O O-O 9.Nd5
Ne7 10.Bg5 c6 11.Nxe7+ Qxe7 12.Qd2 Rf7 13.Nc3 Qf8 14.exf5 gxf5 15.f4 Ne8
16.Rae1 Nc7 17.Bf3 Ne6 18.fxe5 dxe5 19.Bh5 Nxg5 20.Qxg5 Qc5+ 21.Kh1 Rf8 22.Nd1
Bd7 23.Ne3 h6 24.Qh4 f4 25.Ng4 Bf5 26.gxf4 Bxd3 27.Rg1 Kh7 28.Nxe5 Bf5
29.Rxg7+ Kxg7 30.Rg1+ Kh8 31.Bg6 {#r} 1-0

[Event "It (open)"]
[Site "La Fere (France)"]
[Round "8"]
[White "Duhayon Yves (BEL)"]
[Black "Winants Henri (BEL)"]
[Result "1-0"]
[WhiteElo "2228"]
[BlackElo "2085"]

1.c4 g6 2.Nc3 Bg7 3.g3 e5 4.Bg2 d6 5.d3 Nc6 6.e4 Nf6 7.Nge2 O-O 8.O-O Nh5
9.Nd5 f5 10.exf5 gxf5 11.f4 Nf6 12.Rb1 a5 13.b3 Kh8 14.Bb2 Bd7 15.fxe5 dxe5
16.d4 e4 17.Ne3 Ng4 18.Nf4 {#r} 1-0

[Event "It (open)"]
[Site "Liechtenstein"]
[Round "1"]
[White "Westerman Hendrik W (NED)"]
[Black "Pribyl Josef (CZE)"]
[Result "0-1"]
[WhiteElo "2047"]
[BlackElo "2400"]

1.g3 e5 2.c4 Nc6 3.Bg2 g6 4.Nc3 Bg7 5.d3 d6 6.e4 h5 7.h4 Nd4 8.Nce2 Ne6 9.Nf3
Ne7 10.Be3 f5 11.Ng5 O-O 12.Qd2 Nxg5 13.Bxg5 Qe8 14.O-O Nc6 15.Rae1 Be6 16.b3
Qd7 17.f3 Kh7 18.Kh2 Rf7 19.f4 Raf8 20.Bh3 fxe4 21.Bxe6 Qxe6 22.dxe4 exf4
23.Nxf4 Qd7 24.Kg2 Nd4 25.Qd1 Qe8 26.Qd3 Be5 27.Qd1 a6 28.Nh3 Rf3 {#R} 0-1

[Event "It \"]
[Site "Los Angeles (USA)"]
[Round "7"]
[White "Pruess David (USA)"]
[Black "Ganbold Odondoo (MGL)"]
[Result "1-0"]
[WhiteElo "2391"]
[BlackElo "2387"]

1.c4 e5 2.Nc3 Nc6 3.g3 g6 4.Bg2 Bg7 5.d3 d6 6.e3 Be6 7.Nge2 Qd7 8.Nd5 Rb8
9.O-O Nce7 10.d4 c6 11.Nxe7 Nxe7 12.d5 cxd5 13.cxd5 Bh3 14.Bxh3 Qxh3 15.Qa4+
Qd7 16.Qxa7 O-O 17.e4 f5 18.Bg5 fxe4 19.Bxe7 Qxe7 20.Qe3 Qf7 21.Nc3 Rbc8
22.Nxe4 Qxd5 23.Rfd1 Qe6 24.Rxd6 Qc4 25.b3 Qc2 26.Rd2 Qc7 27.Rad1 Rcd8 28.Rxd8
Rxd8 29.Rxd8+ Qxd8 30.Qc5 h6 31.Qd6 Qe8 32.Qd5+ Kh8 33.Qxb7 Qd8 34.h4 {#r} 1-0

[Event "It (cat.7)"]
[Site "Milan (Italy)"]
[Round "5"]
[White "Belotti Bruno (ITA)"]
[Black "Qendro Llambi (ALB)"]
[Result "1-0"]
[WhiteElo "2422"]
[BlackElo "2357"]

1.c4 g6 2.g3 Bg7 3.Bg2 e5 4.Nc3 Nc6 5.d3 d6 6.e4 Nge7 7.Nge2 O-O 8.O-O Be6
9.Nd5 Qd7 10.Bg5 f6 11.Be3 f5 12.Qd2 Rf7 13.Rac1 Rd8 14.b4 b6 15.Bg5 Rdf8
16.b5 Bxd5 17.cxd5 Na5 18.Bh3 h6 19.Be3 g5 20.f4 exf4 21.gxf4 g4 22.Bg2 Ng6
23.Bd4 Nh4 24.Bxg7 Rxg7 25.Nd4 Nf3+ 26.Bxf3 gxf3+ 27.Kh1 fxe4 28.Ne6 Rg2
29.Rg1 Kh8 30.Qc3+ Kg8 31.dxe4 Rf7 32.Qxf3 {#r} 1-0